000 00276nam a22001337a 4500
008 180301b xxu||||| |||| 00| 0 eng d
020 _a28927
041 _aeng
080 _a591
100 _a7
101 _aZOO
245 _aAnimal Behavior
_cHinde, R.A
942 _2udc
_cBK
999 _c43862
_d43862